00420nam a2200121Ia 4500008004100000245015900041260001700200260000900217300000800226650002300234650001200257856002900269170516s9999 xx 000 0 und d aMultimodality Imaging Evaluation of Functional and Clinical Benefits of Percutaneous Coronary Intervention in Patients with Chronic Total Occlusion Lesion bTheranostics c2012 a2:8 xMedical Technology xMedtech uhttp://www.thno.org/v2i8